Riconosci la Squadra di calcio - Quiz n°279 - Statistics

Statistiche generali
  • Questo quiz è stato fatto 2 volte
  • Il punteggio medio è 5 su 9
Statistiche sulle risposte
Indizio Risposta % Corretto
Titoli nazionali 2 Titoli di Germania3 Bundesliga 2
100%
Colori sociali rosso, bianco, verde, nero
100%
Divisione nazionale 2023-2024 Seconda
100%
Confederazione UEFA
100%
Trofei internazionali 0
50%
Fondazione 1896
0%
Trofei nazionali 1 Coppe di Germania
0%
Capienza Stadio 48 933 posti
0%
Squadra Hannover 96
0%
Nessun quiz corrispondente trovato
Distribuzione punteggi
Percentuale di utenti per punteggio
Percentile per numero di risposta
I tuoi punteggi nel tempo
Non hai fatto questo quiz